00708 a2200145 4500001000700000040002200007041001600029082000900045100002700054245010000081250001000181260002100191490001500212520033500227142474 cLeonardo Da Vinci aPortuguês av216 aEDUCACIONAL SHOP VIDEO aDualidade onda - partículabo que é luz? ajude os alunos a entender a velha teoria e a nova av.1-2 bESVaSão Paulo aTV Ontario aA dualidade da partícula ondulatória traça a evolução das várias teorias avançadas para explicar o comportamento da luz. As contibuições de Isaac Newton, Christian Huygens, Thomas Young, Jean Foucaut, James Maxwell,Mac Planck, Albert Einstein, Arthur Compton, Geoffrey Taylor e Louis de Broglie são ressaltadas